[Event "Regionalliga SW 1112"]
[Site "Bayern"]
[Date "2011.12.11"]
[Round "4.2"]
[White "Link, Ulrich"]
[Black "Dichmann, Arno"]
[Result "1/2-1/2"]
[WhiteElo "2040"]
[BlackElo "1947"]
[PlyCount "62"]
[EventDate "2011.10.02"]
[EventType "team-tourn"]
[EventRounds "9"]
[EventCountry "GER"]
[SourceTitle "EXT 2013"]
[Source "ChessBase"]
[SourceDate "2012.11.22"]
[SourceVersion "1"]
[SourceVersionDate "2012.11.22"]
[SourceQuality "1"]
[WhiteTeam "Krumbach II"]
[BlackTeam "Schwabing SG Nord"]
[WhiteTeamCountry "GER"]
[BlackTeamCountry "GER"]

1. d4 Nf6 2. Nf3 d5 3. c4 e6 4. Bg5 Be7 5. e3 0-0 6. Nbd2 Nbd7 7. Bd3 c5 8. 0-0 cxd4 9. Nxd4 Ne5 10. Be2 a6 11. Rc1 Qa5 12. cxd5 Nxd5 13. Bxe7 Nxe7 14. N2b3 Qb6 15. Nf3 N5c6 16. Qd6 Rd8 17. Qf4 Ng6 18. Qg5 Bd7 19. h4 h6 20. Qc5 Qc7 21. h5 Nf8 22. Nbd4 Be8 23. Nxc6 bxc6 24. Bc4 a5 25. Nd4 Qb8 26. a3 Nd7 27. Qe7 Ne5 28. b3 Ra7 29. Qc5 Nd7 30. Qe7 Ne5 31. Qc5 Nd7 1/2-1/2

[Event "Regionalliga SW 1011"]
[Site "Bayern"]
[Date "2010.11.14"]
[Round "3.8"]
[White "Dichmann, Arno"]
[Black "Biberger, Hans"]
[Result "1/2-1/2"]
[WhiteElo "1996"]
[BlackElo "1863"]
[PlyCount "155"]
[EventDate "2010.10.10"]
[EventType "team-tourn"]
[EventRounds "9"]
[EventCountry "GER"]
[SourceTitle "EXT 2012"]
[Source "ChessBase"]
[SourceDate "2011.11.24"]
[SourceVersion "1"]
[SourceVersionDate "2011.11.24"]
[SourceQuality "1"]
[WhiteTeam "Muenchen Schwabing"]
[BlackTeam "Unterhaching"]
[WhiteTeamCountry "GER"]
[BlackTeamCountry "GER"]

1. d4 Nf6 2. c3 d5 3. Bg5 Nbd7 4. e3 e6 5. Bd3 Bd6 6. f4 c5 7. Nd2 Qb6 8. Rb1 h6 9. Bxf6 Nxf6 10. g3 cxd4 11. exd4 g5 12. Qf3 gxf4 13. Ne2 Qc7 14. 0-0 Rf8 15. Nxf4 Bd7 16. Ng2 Be7 17. Rf2 0-0-0 18. Qe2 Ne8 19. Rbf1 Nd6 20. Nf4 Bc6 21. Qh5 Rh8 22. Nf3 Rdg8 23. Ne5 Be8 24. Qh3 Kb8 25. Re1 Bg5 26. Kh1 Bxf4 27. Rxf4 f5 28. g4 Bg6 29. Nxg6 Rxg6 30. gxf5 exf5 31. Bxf5 Rf6 32. Rff1 Rhf8 33. Bd3 Rxf1+ 34. Rxf1 Rxf1+ 35. Qxf1 Qe7 36. Qf4 Qe1+ 37. Kg2 Kc7 38. Qf2 Qc1 39. h3 a6 40. Kh2 Kc6 41. a3 Kb6 42. h4 Ka7 43. a4 Ne4 44. Bxe4 dxe4 45. Kg3 e3 46. Qe2 Qg1+ 47. Kf3 h5 48. Qxe3 Qg4+ 49. Kf2 Qxh4+ 50. Ke2 Qg4+ 51. Qf3 Qe6+ 52. Qe3 Qc4+ 53. Kf3 Qxa4 54. Kg3 Qd1 55. Qf3 Qe1+ 56. Qf2 h4+ 57. Kg2 h3+ 58. Kg3 Qh1 59. Qh2 Qf1 60. Qxh3 Qe1+ 61. Kh2 Qf2+ 62. Qg2 Qh4+ 63. Kg1 Qe1+ 64. Qf1 Qe3+ 65. Kh1 a5 66. Qb5 Qe1+ 67. Kg2 Qd2+ 68. Kf3 b6 69. Ke4 Qg2+ 70. Ke3 Qg1+ 71. Kd2 Qf2+ 72. Kc1 Qe3+ 73. Kb1 Qe4+ 74. Ka2 Qc2 75. Qc4 Qe4 76. Qc7+ Ka6 77. Qc4+ Kb7 78. Qf7+ 1/2-1/2

[Event "Munich-ch VM2"]
[Site "Munich"]
[Date "2005.02.27"]
[Round "9"]
[White "Jovanovic, Momir"]
[Black "Dichmann, Arno"]
[Result "1/2-1/2"]
[WhiteElo "2049"]
[BlackElo "2109"]
[PlyCount "35"]
[EventDate "2005.01.21"]
[EventType "tourn"]
[EventRounds "9"]
[EventCountry "GER"]
[SourceTitle "EXT 2007"]
[Source "ChessBase"]
[SourceDate "2006.11.23"]
[SourceVersion "1"]
[SourceVersionDate "2006.11.23"]
[SourceQuality "1"]

1. b4 Nf6 2. Bb2 d5 3. e3 Bg4 4. Nf3 e6 5. b5 Be7 6. Be2 0-0 7. 0-0 a6 8. a4 axb5 9. axb5 Rxa1 10. Bxa1 c6 11. c4 cxb5 12. cxb5 Nbd7 13. Nc3 Nc5 14. Nd4 Bxe2 15. Qxe2 Nce4 16. f3 Nxc3 17. Bxc3 Nd7 18. Nb3 1/2-1/2

[Event "Regionalliga SW 0405"]
[Site "Bayern"]
[Date "2005.01.30"]
[Round "6.3"]
[White "Herb, Stefan"]
[Black "Dichmann, Arno"]
[Result "0-1"]
[WhiteElo "2174"]
[BlackElo "1994"]
[PlyCount "74"]
[EventDate "2004.10.24"]
[EventType "team-tourn"]
[EventRounds "9"]
[EventCountry "GER"]
[SourceTitle "EXT 2007"]
[Source "ChessBase"]
[SourceDate "2006.11.23"]
[SourceVersion "1"]
[SourceVersionDate "2006.11.23"]
[SourceQuality "1"]
[WhiteTeam "Haunstetten"]
[BlackTeam "Muenchen Schwabing/Nord II"]
[WhiteTeamCountry "GER"]
[BlackTeamCountry "GER"]

1. e4 e6 2. d4 d5 3. e5 c5 4. c3 Nc6 5. Nf3 Qb6 6. a3 a5 7. b3 Bd7 8. Be3 cxd4 9. cxd4 Rc8 10. Bd3 Nge7 11. 0-0 Na7 12. Ng5 h6 13. Nh7 Bb5 14. Bxb5+ Nxb5 15. Nxf8 Rxf8 16. Qd3 Kd7 17. a4 Na7 18. b4 axb4 19. Nd2 Rc3 20. Qh7 Rg8 21. Rab1 Nac6 22. Nb3 Qd8 23. g4 Qf8 24. Bd2 Rh8 25. Qxh8 Qxh8 26. Bxc3 bxc3 27. Nc5+ Ke8 28. Nxb7 Nc8 29. a5 Qh7 30. a6 Qd3 31. Ra1 Qxd4 32. Nd6+ Nxd6 33. exd6 Kd7 34. h3 Kxd6 35. Rfc1 Qc5 36. Rab1 d4 37. Rb3 Qa5 0-1

[Event "Munich-ch VM2"]
[Site "Munich"]
[Date "2005.01.22"]
[Round "2"]
[White "Hoennekes, Klaus"]
[Black "Dichmann, Arno"]
[Result "0-1"]
[WhiteElo "2077"]
[BlackElo "2109"]
[PlyCount "90"]
[EventDate "2005.01.21"]
[EventType "tourn"]
[EventRounds "9"]
[EventCountry "GER"]
[SourceTitle "EXT 2007"]
[Source "ChessBase"]
[SourceDate "2006.11.23"]
[SourceVersion "1"]
[SourceVersionDate "2006.11.23"]
[SourceQuality "1"]

1. e4 c6 2. d4 d5 3. e5 h6 4. Nd2 Bf5 5. Nb3 e6 6. Be3 a6 7. Bd3 Bxd3 8. Qxd3 Qc7 9. f4 Ne7 10. Nf3 Nd7 11. 0-0 g6 12. a4 Nf5 13. Bf2 Be7 14. Kh1 h5 15. g3 Kf8 16. h3 Kg7 17. Kg2 Rac8 18. Rae1 Qd8 19. Rh1 c5 20. dxc5 Nxc5 21. Bxc5 Bxc5 22. Re2 h4 23. Nxh4 Nxh4+ 24. gxh4 Qxh4 25. Qg3 Be7 26. Qxh4 Rxh4 27. Rf1 Rc4 28. Kg3 Rxa4 29. Nc5 Rb4 30. b3 Rh8 31. Nd3 Rb6 32. Rg1 Rc6 33. Rgg2 b5 34. Kh2 a5 35. Rd2 a4 36. bxa4 bxa4 37. f5 exf5 38. Nf4 a3 39. Rxd5 Ra6 40. Rd1 Rb8 41. c4 Bc5 42. Nh5+ Kh6 43. Nf6 a2 44. Nd7 Rb1 45. Nxc5 Rxd1 0-1

[Event "Regionalliga SW 0304"]
[Site "Bayern"]
[Date "2003.11.02"]
[Round "2.5"]
[White "Linder, Peter"]
[Black "Dichmann, Arno"]
[Result "1-0"]
[WhiteElo "1994"]
[BlackElo "1984"]
[PlyCount "74"]
[EventDate "2003.10.??"]
[EventType "team"]
[EventRounds "9"]
[EventCountry "GER"]
[SourceTitle "EXT 2006"]
[Source "ChessBase"]
[SourceDate "2005.11.24"]
[SourceVersion "1"]
[SourceVersionDate "2005.11.24"]
[SourceQuality "1"]
[WhiteTeam "Burlafingen"]
[BlackTeam "Muenchen 77 Nord"]
[WhiteTeamCountry "GER"]
[BlackTeamCountry "GER"]

1. d4 Nf6 2. c4 c6 3. Nc3 d5 4. e3 e6 5. Nf3 Bd6 6. Bd3 0-0 7. 0-0 Nbd7 8. e4 dxe4 9. Nxe4 Nxe4 10. Bxe4 f5 11. Bc2 e5 12. Bg5 Be7 13. Bxe7 Qxe7 14. Nxe5 Nf6 15. Re1 Qc7 16. Qd2 g6 17. Qg5 Qg7 18. Rad1 Bd7 19. d5 cxd5 20. cxd5 Rad8 21. d6 Rfe8 22. f4 a6 23. h3 Be6 24. a3 Bd5 25. d7 Re7 26. Qg3 Kf8 27. Bb3 Bc6 28. Qc3 Bxd7 29. Qc7 Rde8 30. Qxb7 Bb5 31. Qf3 Ne4 32. a4 Bd7 33. Bc2 Nf6 34. Qd3 Bc8 35. Qd6 Ne4 36. Qb4 Qf6 37. Bxe4 fxe4 1-0

[Event "Regionalliga SW 0304"]
[Site "Bayern"]
[Date "2003.10.12"]
[Round "1.5"]
[White "Dichmann, Arno"]
[Black "Schmitzer, Peter"]
[Result "0-1"]
[WhiteElo "1984"]
[BlackElo "2019"]
[PlyCount "154"]
[EventDate "2003.10.??"]
[EventType "team"]
[EventRounds "9"]
[EventCountry "GER"]
[SourceTitle "EXT 2006"]
[Source "ChessBase"]
[SourceDate "2005.11.24"]
[SourceVersion "1"]
[SourceVersionDate "2005.11.24"]
[SourceQuality "1"]
[WhiteTeam "Muenchen 77 Nord"]
[BlackTeam "Muenchen RTA"]
[WhiteTeamCountry "GER"]
[BlackTeamCountry "GER"]

1. d4 Nf6 2. c3 d6 3. Nf3 Nbd7 4. Bg5 c6 5. Nbd2 Qc7 6. e3 e5 7. Qc2 Be7 8. dxe5 dxe5 9. Bc4 0-0 10. 0-0 b5 11. Be2 Bb7 12. Rfd1 a6 13. Ne4 c5 14. Nxf6+ Nxf6 15. Nd2 c4 16. Bf3 Bxf3 17. Nxf3 e4 18. Nd2 Ng4 19. Bf4 Bd6 20. Qxe4 Bxf4 21. Qxf4 Ne5 22. Nf3 f6 23. Nxe5 fxe5 24. Qe4 Rad8 25. Rd5 Qf7 26. Rxd8 Qxf2+ 27. Kh1 Rxd8 28. Qxe5 Rf8 29. h3 Qxb2 30. Rd1 Qxa2 31. Rd7 Qb1+ 32. Kh2 Qg6 33. Rd6 Qf5 34. Qd4 Rf6 35. Rd8+ Kf7 36. Rd7+ Kg6 37. Rd5 Qe6 38. e4 Qb6 39. Qe5 h6 40. Qg3+ Kh7 41. e5 Rg6 42. Qf3 Qc6 43. h4 Qe6 44. h5 Rg5 45. Qe4+ Qf5 46. Qxf5+ Rxf5 47. Kg3 Kg8 48. Kg4 Rg5+ 49. Kf3 Rxh5 50. Rd8+ Kf7 51. Ke4 Rg5 52. Rd7+ Ke8 53. Ra7 Rxg2 54. Rxa6 Rg3 55. Rb6 Rxc3 56. Rxb5 Rb3 57. Rc5 Rh3 58. Kf5 c3 59. Ke6 Kd8 60. Kf7 g5 61. e6 Rf3+ 62. Kg6 Ke7 63. Kxh6 g4 64. Kg5 g3 65. Kg4 g2 66. Kxf3 g1Q 67. Rxc3 Qf1+ 68. Ke3 Kxe6 69. Kd2 Qf2+ 70. Kc1 Kd5 71. Rc2 Qe1+ 72. Kb2 Kd4 73. Rc8 Qb4+ 74. Kc2 Qb7 75. Rh8 Qe7 76. Kb2 Ke4 77. Kc2 Qc5+ 0-1

[Event "Regionalliga SW 0102"]
[Site "Bayern"]
[Date "2002.04.28"]
[Round "9.2"]
[White "Dichmann, Arno"]
[Black "Teich, Udo"]
[Result "1/2-1/2"]
[WhiteElo "2055"]
[BlackElo "1965"]
[PlyCount "26"]
[EventDate "2001.10.07"]
[EventType "team"]
[EventRounds "9"]
[EventCountry "GER"]
[SourceTitle "EXT 2003"]
[Source "ChessBase"]
[SourceDate "2002.11.25"]
[SourceVersion "1"]
[SourceVersionDate "2002.11.25"]
[SourceQuality "1"]
[WhiteTeam "Muenchen 77"]
[BlackTeam "Bobingen"]
[WhiteTeamCountry "GER"]
[BlackTeamCountry "GER"]

1. d4 d5 2. c3 Nf6 3. Bf4 e6 4. e3 Bd6 5. Bg3 0-0 6. Nd2 Nbd7 7. Ngf3 Qe7 8. Bd3 e5 9. dxe5 Nxe5 10. Nxe5 Bxe5 11. Bxe5 Qxe5 12. Nf3 Qd6 13. h3 Be6 1/2-1/2

[Event "Regionalliga SW 0102"]
[Site "Bayern"]
[Date "2002.04.14"]
[Round "8.2"]
[White "Komljenovic, Luka"]
[Black "Dichmann, Arno"]
[Result "1-0"]
[WhiteElo "2175"]
[BlackElo "2055"]
[PlyCount "93"]
[EventDate "2001.10.07"]
[EventType "team"]
[EventRounds "9"]
[EventCountry "GER"]
[SourceTitle "EXT 2003"]
[Source "ChessBase"]
[SourceDate "2002.11.25"]
[SourceVersion "1"]
[SourceVersionDate "2002.11.25"]
[SourceQuality "1"]
[WhiteTeam "Unterhaching"]
[BlackTeam "Muenchen 77"]
[WhiteTeamCountry "GER"]
[BlackTeamCountry "GER"]

1. Nf3 d5 2. g3 Nf6 3. Bg2 c6 4. 0-0 Bg4 5. c4 e6 6. cxd5 exd5 7. d3 Be7 8. h3 Bxf3 9. Bxf3 0-0 10. Qb3 Qc8 11. Kg2 Nbd7 12. Bf4 Nc5 13. Qc2 Ne6 14. Be3 Qd7 15. h4 d4 16. Bd2 Nd5 17. e4 dxe3 18. fxe3 Rad8 19. a3 Bf6 20. Rd1 Rfe8 21. Nc3 Bxc3 22. bxc3 Nc5 23. d4 Ne6 24. e4 Nb6 25. Qb3 Nc8 26. Rab1 b6 27. Be3 Nd6 28. e5 Nf5 29. Bf2 Qc7 30. Bg4 Nh6 31. Bh3 Kh8 32. Kh2 Ng8 33. a4 Ne7 34. Rbc1 Nc8 35. c4 Qe7 36. d5 cxd5 37. cxd5 Nc5 38. Bxc5 bxc5 39. Re1 Nb6 40. d6 Qb7 41. a5 Qd5 42. Qxd5 Nxd5 43. Rxc5 Nf6 44. Rc7 Nd5 45. Rxf7 Kg8 46. Rxa7 Nb4 47. d7 1-0

[Event "Regionalliga SW 0102"]
[Site "Bayern"]
[Date "2002.01.20"]
[Round "4.2"]
[White "Kugelmann, Werner"]
[Black "Dichmann, Arno"]
[Result "1-0"]
[WhiteElo "2145"]
[BlackElo "2055"]
[PlyCount "57"]
[EventDate "2001.10.07"]
[EventType "team"]
[EventRounds "9"]
[EventCountry "GER"]
[SourceTitle "EXT 2003"]
[Source "ChessBase"]
[SourceDate "2002.11.25"]
[SourceVersion "1"]
[SourceVersionDate "2002.11.25"]
[SourceQuality "1"]
[WhiteTeam "Lauingen"]
[BlackTeam "Muenchen 77"]
[WhiteTeamCountry "GER"]
[BlackTeamCountry "GER"]

1. e4 e6 2. d4 d5 3. Nd2 Nf6 4. e5 Nfd7 5. c3 c5 6. Bd3 cxd4 7. cxd4 Nc6 8. Ngf3 Qb6 9. 0-0 Nxd4 10. Nxd4 Qxd4 11. Nf3 Qb6 12. Qa4 Qb4 13. Qc2 Qc5 14. Qe2 Qb6 15. a3 a5 16. Re1 h6 17. Bf4 g5 18. Be3 Bc5 19. Qc2 Bxe3 20. Rxe3 Ke7 21. Rc1 Rd8 22. Bf1 g4 23. Nh4 Nf8 24. h3 gxh3 25. Rxh3 Bd7 26. Qd2 Rac8 27. Qxh6 Qxb2 28. Qf6+ Ke8 29. Rf3 1-0

[Event "Regionalliga SW 0102"]
[Site "Bayern"]
[Date "2001.11.11"]
[Round "2.2"]
[White "Dichmann, Arno"]
[Black "Schreiner, Richard"]
[Result "0-1"]
[WhiteElo "2055"]
[BlackElo "2150"]
[PlyCount "66"]
[EventDate "2001.10.07"]
[EventType "team"]
[EventRounds "9"]
[EventCountry "GER"]
[SourceTitle "EXT 2003"]
[Source "ChessBase"]
[SourceDate "2002.11.25"]
[SourceVersion "1"]
[SourceVersionDate "2002.11.25"]
[SourceQuality "1"]
[WhiteTeam "Muenchen 77"]
[BlackTeam "Garching"]
[WhiteTeamCountry "GER"]
[BlackTeamCountry "GER"]

1. d4 g6 2. c3 Bg7 3. Bg5 d6 4. e3 c6 5. Nd2 Qc7 6. Ngf3 Nd7 7. Bc4 Ngf6 8. 0-0 0-0 9. a4 b6 10. h3 Bb7 11. Qc2 Rae8 12. Rfd1 Kh8 13. Qb3 e6 14. Bf4 a6 15. Ng5 h6 16. Nge4 e5 17. dxe5 Nxe4 18. Nxe4 d5 19. Nf6 Bxf6 20. exf6 Qd8 21. Be2 Nc5 22. Qc2 Kh7 23. Bf3 Qxf6 24. b4 Ne6 25. Bg3 Ng5 26. Bc7 Nxf3+ 27. gxf3 Qxf3 28. Bg3 c5 29. Kh2 d4 30. Rg1 dxe3 31. Raf1 Be4 32. Qc1 Bd3 33. Rd1 exf2 0-1

[Event "Regionalliga SW 0001"]
[Site "Bayern"]
[Date "2001.04.01"]
[Round "8"]
[White "Dichmann, Arno"]
[Black "Antemia, Paul"]
[Result "0-1"]
[WhiteElo "2065"]
[BlackElo "2165"]
[PlyCount "138"]
[EventDate "2000.10.15"]
[EventType "team-tourn"]
[EventRounds "9"]
[EventCountry "GER"]
[SourceTitle "EXT 2020"]
[Source "ChessBase"]
[SourceDate "2019.10.17"]
[SourceVersion "1"]
[SourceVersionDate "2019.10.17"]
[SourceQuality "1"]
[WhiteTeam "Muenchen 77 Nord"]
[BlackTeam "Tuerkheim/Bad Woerishofen"]
[WhiteTeamCountry "GER"]
[BlackTeamCountry "GER"]

1. d4 Nf6 2. c3 b6 3. Bg5 Bb7 4. e3 e6 5. Nd2 Be7 6. Ngf3 0-0 7. Bd3 d5 8. 0-0 Ne4 9. Bxe7 Qxe7 10. Qc2 f5 11. Ne5 Nd7 12. Nxd7 Qxd7 13. Nf3 Qe7 14. Ne5 c5 15. Qe2 Rf6 16. f3 Nd6 17. a3 c4 18. Bc2 a5 19. f4 Rc8 20. g4 fxg4 21. Qxg4 Nf5 22. Bxf5 exf5 23. Qh4 Rc7 24. Rf3 Rh6 25. Qxe7 Rxe7 26. Rg3 b5 27. Kg2 Rb6 28. Rf3 Bc6 29. h4 Be8 30. Rf2 Reb7 31. Kg3 Kf8 32. Ra2 Ke7 33. Ra1 Ke6 34. Rc2 Bh5 35. Rd2 Ra7 36. Kf2 Rba6 37. Kg3 b4 38. Rc2 bxc3 39. bxc3 Rb7 40. a4 Be8 41. Nf3 h6 42. Nd2 Rab6 43. Kf2 Rb2 44. Ra2 R2b6 45. Rc1 Kf6 46. Rcc2 Bh5 47. Ke1 Re6 48. Kf2 Reb6 49. Ke1 Bg4 50. Kf2 Kg6 51. Rc1 Kh5 52. Kg3 Be2 53. Nf3 Bd3 54. Ne5 Be4 55. Kh3 Rb1 56. Ra1 R1b2 57. Rg1 Re2 58. Rae1 Ra2 59. Ra1 Rxa1 60. Rxa1 Rb3 61. Rc1 Ra3 62. Rg1 Rxc3 63. Rxg7 Rxe3+ 64. Kh2 c3 65. Rc7 c2 66. Nd7 Kxh4 67. Nf6 Re2+ 68. Kg1 Re1+ 69. Kf2 c1Q 0-1

[Event "Regionalliga SW 0001"]
[Site "Bayern"]
[Date "2001.03.11"]
[Round "7"]
[White "Lutz, Albert"]
[Black "Dichmann, Arno"]
[Result "0-1"]
[WhiteElo "2060"]
[BlackElo "2060"]
[PlyCount "122"]
[EventDate "2000.10.15"]
[EventType "team-tourn"]
[EventRounds "9"]
[EventCountry "GER"]
[SourceTitle "EXT 2020"]
[Source "ChessBase"]
[SourceDate "2019.10.17"]
[SourceVersion "1"]
[SourceVersionDate "2019.10.17"]
[SourceQuality "1"]
[WhiteTeam "Augsburg SG 1873"]
[BlackTeam "Muenchen 77 Nord"]
[WhiteTeamCountry "GER"]
[BlackTeamCountry "GER"]

1. c4 c6 2. b3 d5 3. Nf3 Bf5 4. Bb2 e6 5. d3 Nf6 6. g3 Nbd7 7. Bg2 Bc5 8. 0-0 0-0 9. Nh4 Bg4 10. h3 Bh5 11. Nc3 a5 12. d4 Be7 13. Nf3 Bg6 14. Nd2 Qb6 15. c5 Qc7 16. f4 b6 17. cxb6 Nxb6 18. Rc1 Qb7 19. e4 dxe4 20. Ncxe4 Nxe4 21. Nxe4 Nd5 22. Qf3 a4 23. Nc5 Bxc5 24. Rxc5 axb3 25. axb3 h6 26. g4 Ra2 27. Bc1 Bc2 28. f5 exf5 29. gxf5 Qxb3 30. Rxc6 Nf6 31. Qxb3 Bxb3 32. Rc5 Rd8 33. Rf4 Bd5 34. Bxd5 Rxd5 35. Rxd5 Nxd5 36. Rf2 Ra1 37. Rc2 Ne3 38. Rc8+ Kh7 39. f6 g5 40. Kf2 Nd5 41. Kg3 Ra4 42. Bb2 Rb4 43. Rc2 Rb3+ 44. Kh2 Nxf6 45. Bc1 Rd3 46. Rd2 Rxd2+ 47. Bxd2 Kg6 48. Bc1 Nd5 49. Kg3 f5 50. Ba3 f4+ 51. Kf2 Kf5 52. Bf8 h5 53. Bh6 g4 54. hxg4+ hxg4 55. Bf8 Ke4 56. Bh6 Ne3 57. Bg5 g3+ 58. Kg1 f3 59. Bxe3 Kxe3 60. d5 Ke2 61. d6 f2+ 0-1

[Event "Munich-ch MK"]
[Site "Munich"]
[Date "2001.??.??"]
[Round "?"]
[White "Buchner, Rudolf"]
[Black "Dichmann, Arno"]
[Result "1-0"]
[WhiteElo "2205"]
[BlackElo "2055"]
[PlyCount "59"]
[EventDate "2001.??.??"]
[EventType "tourn"]
[EventRounds "9"]
[EventCountry "GER"]
[SourceTitle "EXT 2006"]
[Source "ChessBase"]
[SourceDate "2005.11.24"]
[SourceVersion "1"]
[SourceVersionDate "2005.11.24"]
[SourceQuality "1"]

1. e4 e6 2. d4 d5 3. Nd2 Nf6 4. e5 Nfd7 5. Bd3 c5 6. c3 cxd4 7. cxd4 Nc6 8. Ne2 Qb6 9. Nf3 Bb4+ 10. Kf1 Be7 11. g3 f5 12. Kg2 Nf8 13. h4 Bd7 14. a3 0-0-0 15. b4 Be8 16. h5 Kb8 17. Bg5 Bxg5 18. Nxg5 Nxd4 19. a4 Nxe2 20. Qxe2 h6 21. Nf3 Nh7 22. b5 Qa5 23. Nd4 Bd7 24. Rab1 Rc8 25. Nb3 Qb4 26. Rh4 Qc3 27. a5 Ng5 28. b6 axb6 29. axb6 Ne4 30. Qa2 1-0

[Event "Munich-ch MK"]
[Site "Munich"]
[Date "2001.??.??"]
[Round "?"]
[White "Dichmann, Arno"]
[Black "Goulas, Kyriakos"]
[Result "1/2-1/2"]
[WhiteElo "2055"]
[BlackElo "2105"]
[PlyCount "79"]
[EventDate "2001.??.??"]
[EventType "tourn"]
[EventRounds "9"]
[EventCountry "GER"]
[SourceTitle "EXT 2006"]
[Source "ChessBase"]
[SourceDate "2005.11.24"]
[SourceVersion "1"]
[SourceVersionDate "2005.11.24"]
[SourceQuality "1"]

1. d4 Nf6 2. c3 d5 3. Bf4 e6 4. e3 c5 5. Nd2 Nc6 6. Bd3 c4 7. Bc2 Bd6 8. Bxd6 Qxd6 9. f4 b5 10. a3 Bb7 11. Qe2 a5 12. Ngf3 0-0 13. 0-0 b4 14. axb4 axb4 15. Ne5 b3 16. Rxa8 Rxa8 17. Bb1 Ne7 18. Qf3 Ne4 19. Nxe4 dxe4 20. Bxe4 Bxe4 21. Qxe4 Ra2 22. Qb7 g6 23. Nxc4 Qd5 24. Qxb3 Ra8 25. Qb4 Nf5 26. Re1 Qe4 27. Nd6 Nxd6 28. Qxd6 Qc2 29. Qc6 Ra2 30. Rf1 Rxb2 31. h3 Qd2 32. Qa8+ Kg7 33. Qe4 Qxc3 34. Ra1 Rxg2+ 35. Kxg2 Qb2+ 36. Kg3 Qxa1 37. Qe5+ Kg8 38. Qb8+ Kg7 39. Qe5+ Kg8 40. Qb8+ 1/2-1/2

[Event "Munich-ch MK"]
[Site "Munich"]
[Date "2001.??.??"]
[Round "?"]
[White "Dichmann, Arno"]
[Black "Unzicker, Ferdinand"]
[Result "1-0"]
[WhiteElo "2055"]
[BlackElo "2270"]
[PlyCount "103"]
[EventDate "2001.??.??"]
[EventType "tourn"]
[EventRounds "9"]
[EventCountry "GER"]
[SourceTitle "EXT 2006"]
[Source "ChessBase"]
[SourceDate "2005.11.24"]
[SourceVersion "1"]
[SourceVersionDate "2005.11.24"]
[SourceQuality "1"]

1. d4 d6 2. c3 Nf6 3. Bg5 e6 4. e3 h6 5. Bxf6 Qxf6 6. Nd2 Nd7 7. Ngf3 g5 8. Ne4 Qe7 9. Nfd2 Bg7 10. Bd3 b6 11. 0-0 Bb7 12. a4 a6 13. Rc1 0-0 14. Ng3 c5 15. Qe2 f5 16. f4 Nf6 17. dxc5 bxc5 18. e4 gxf4 19. Rxf4 d5 20. exf5 e5 21. Rff1 c4 22. Bc2 Qc7 23. Kh1 Rfe8 24. Rb1 Rac8 25. Nh5 d4 26. Nxf6+ Bxf6 27. Be4 Kh7 28. Bxb7 Qxb7 29. Ne4 Qc6 30. Nxf6+ Qxf6 31. Qe4 Re7 32. Rf2 Rb8 33. h3 Reb7 34. Rd1 Rd7 35. Re1 d3 36. Rd2 Qg5 37. f6+ Kg8 38. Qxc4+ Kh8 39. Rxd3 Rxd3 40. Qxd3 Rxb2 41. Qd8+ Kh7 42. Qd7+ Kg8 43. Qe8+ Kh7 44. Qf7+ Kh8 45. Qg7+ Qxg7 46. fxg7+ Kxg7 47. Rxe5 Rc2 48. Rc5 Kh7 49. Kh2 Rd2 50. Rc7+ Kg8 51. Rc6 Ra2 52. Rxa6 1-0

[Event "Munich-ch MK"]
[Site "Munich"]
[Date "2001.??.??"]
[Round "?"]
[White "Hoennekes, Klaus"]
[Black "Dichmann, Arno"]
[Result "1-0"]
[WhiteElo "2055"]
[BlackElo "2055"]
[PlyCount "69"]
[EventDate "2001.??.??"]
[EventType "tourn"]
[EventRounds "9"]
[EventCountry "GER"]
[SourceTitle "EXT 2006"]
[Source "ChessBase"]
[SourceDate "2005.11.24"]
[SourceVersion "1"]
[SourceVersionDate "2005.11.24"]
[SourceQuality "1"]

1. e4 c6 2. d4 d5 3. Nc3 dxe4 4. Nxe4 Bf5 5. Ng3 Bg6 6. Nf3 e6 7. h4 h6 8. Ne5 Bh7 9. Bc4 Nf6 10. Qe2 Qe7 11. 0-0 Nbd7 12. f4 0-0-0 13. c3 Nd5 14. h5 Nxe5 15. fxe5 g5 16. Qf3 Rd7 17. Bd2 Bg7 18. Rae1 Rf8 19. b4 Nxb4 20. cxb4 Rxd4 21. Qc3 Rfd8 22. Rf2 Qc7 23. Nf1 Bxe5 24. Rxe5 Qxe5 25. Rxf7 Bg8 26. Rf2 Qe4 27. Bb3 Kb8 28. Qc1 Qh4 29. a3 Qxh5 30. Be3 Rd3 31. Bc2 Rc3 32. Qb2 Rc4 33. Qe5+ Ka8 34. Qa5 b6 35. Bxb6 1-0

[Event "Regionalliga SW 0001"]
[Site "Bayern"]
[Date "2000.10.15"]
[Round "1.2"]
[White "Dichmann, Arno"]
[Black "Schlinkmeier, Karsten"]
[Result "1/2-1/2"]
[WhiteElo "2030"]
[BlackElo "1904"]
[PlyCount "138"]
[EventDate "2000.10.15"]
[EventType "team-tourn"]
[EventRounds "9"]
[EventCountry "GER"]
[SourceTitle "EXT 2020"]
[Source "ChessBase"]
[SourceDate "2019.10.17"]
[SourceVersion "1"]
[SourceVersionDate "2019.10.17"]
[SourceQuality "1"]
[WhiteTeam "Muenchen 77 Nord"]
[BlackTeam "Garching"]
[WhiteTeamCountry "GER"]
[BlackTeamCountry "GER"]

1. d4 Nf6 2. c3 c6 3. Bf4 d5 4. e3 Bf5 5. Bd3 Bg6 6. Nf3 Nbd7 7. Bxg6 hxg6 8. Nbd2 e6 9. Qc2 Be7 10. Ne5 Rc8 11. Ndf3 Nxe5 12. Bxe5 0-0 13. Bxf6 Bxf6 14. 0-0 c5 15. Rfe1 cxd4 16. exd4 b5 17. Qb3 a5 18. Qxb5 Rb8 19. Qe2 Qb6 20. Rab1 Rfc8 21. Qd3 a4 22. g3 Qc7 23. Rec1 Qc4 24. Qxc4 dxc4 25. Re1 Rb5 26. a3 Kf8 27. Re2 Rcb8 28. Rc2 Ke7 29. Nd2 Rc8 30. Nf1 Bg5 31. Re1 Bh6 32. h3 Rcb8 33. Ree2 Kd6 34. Kg2 f6 35. Nh2 e5 36. Nf3 exd4 37. Nxd4 Re5 38. f4 Rxe2+ 39. Rxe2 g5 40. f5 g4 41. hxg4 Bc1 42. Re6+ Kd5 43. Ne2 Bxb2 44. Ra6 Ke4 45. Rxa4 Kd3 46. Kf3 Rb3 47. Ra7 Rxa3 48. Rd7+ Kc2 49. Rc7 Kd3 50. Rd7+ Kc2 51. Rc7 Kd3 52. Rxg7 Bxc3 53. Rd7+ Kc2 54. Nxc3 Rxc3+ 55. Kf4 Rd3 56. Rc7 Rd4+ 57. Kf3 Kd3 58. g5 fxg5 59. f6 g4+ 60. Kf2 Rd6 61. f7 Rf6+ 62. Kg2 c3 63. Rd7+ Ke2 64. Re7+ Kd2 65. Rd7+ Kc1 66. Rc7 c2 67. Rd7 Rf3 68. Re7 Kb2 69. Rb7+ Kc1 1/2-1/2